State sovereignty : concept, phenomenon and ramifications (Record no. 290966)

MARC details
000 -LEADER
fixed length control field 00672nam a2200217Ia 4500
008 - FIXED-LENGTH DATA ELEMENTS--GENERAL INFORMATION
fixed length control field 191130s2005##################000#0#eng##
020 ## - INTERNATIONAL STANDARD BOOK NUMBER
ISBN 9781403969880
082 ## - DEWEY DECIMAL CLASSIFICATION NUMBER
Classification number 320.15 KUR
100 ## - MAIN ENTRY--AUTHOR NAME
Personal name Kurtulus, Ersun N
245 ## - TITLE STATEMENT
Title State sovereignty : concept, phenomenon and ramifications
Statement of responsibility, etc Ersun N. Kurtulus
250 ## - EDITION STATEMENT
Edition statement 1st ed
260 ## - PUBLICATION, DISTRIBUTION, ETC. (IMPRINT)
Place of publication Basingstoke, Hampshire
Name of publisher Palgrave Macmillan
Year of publication c2005
300 ## - PHYSICAL DESCRIPTION
Number of Pages viii, 232 p. ; 22 cm
500 ## - GENERAL NOTE
General note Includes bibliographical references (p. [195]-227) and index
650 ## - SUBJECT ADDED ENTRY--TOPICAL TERM
Topical Term Sovereignty
Topical Term State, The
991 ## -
-- 180462
Holdings
Withdrawn status Lost status Damaged status Not for loan Home library Current library Shelving location Date acquired Full call number Accession Number Price effective from Koha item type
        Anna Centenary Library Anna Centenary Library 3RD FLOOR, B WING 15.10.2020 320.15 KUR 307922 15.10.2020 English Books

Find us on the map